01782nam a2200205Ia 450000500170000000800410001704000440005804100080010208200160011010000400012624500880016625000310025426000800028530000740036550006940043950502470113350600210138065100370140185601380143820210806165246.0130821s1907 sp aob fr 1 spa  aCo-BoUCMbspacSandra YazodSandra Yazo0 aspa04a918.8612201 aDíaz Lemos, Ángel M.d1853-195910aCompendio de geografía de la República de Colombiacpor Ángel M. Díaz Lemos aSexta ediciónbilustrada aBarcelona (España)bImprenta de Henrich y Compañía en comanditac1907 a207 páginasbilustraciones, fotografías, mapas, colorc21 x 14 cm aDetalles físicos: Encuadernación rígida cartón forrado en tela encolada. Pastas con recuadro y adornos repujados, título, autor y adorno en dorado. Guardas. Hojas de cortesía, con anotación manuscrita (dedicatoria del autor a Mons. Rafael María Carrasquilla). Portada impresa a una tinta, con un pequeño adorno. Retrato del autor en hoja Satinada. Texto impreso en una columna. Notas al pie de página. Ilustraciones entre el texto, algunas fuera del texto a color (Mapa de Colombia 1907, pág. 34-35), fotografías en blanco y negro. Al final en las guardas posteriores, 2 hojas plegadas, una con publicidad de la obra, a dos tintas y un apéndice. Incluye índice0 aPrologo ; Advertencia ; Lección I-XLI: Geografía astronómica ; Geografía física ; Geografía política ; Geografía de Colombia ; Departamentos de Colombia: Antioquia, Atlántico, Bolívar, Boyacá, Caldas, Cauca, Cundinamarca aConsulta en sala04aColombiavGeografíaySiglo XIX uhttps://biblioteca.academiahistoria.org.co/pmb/opac_css/doc_num.php?explnum_id=857zDisponible en línea séptima edición de 1920